Normal view
MARC view
- MICHEALS, I. V,KRASSNER, G. N
Entry Personal Name
001 - CONTROL NUMBER
- control field: 57560
003 - CONTROL NUMBER IDENTIFIER
- control field: NUST
005 - DATE AND TIME OF LATEST TRANSACTION
- control field: 20210628201941.0
008 - FIXED-LENGTH DATA ELEMENTS
- fixed length control field: 210628|| aca||aabn | a|a d
040 ## - CATALOGING SOURCE
- Original cataloging agency: NUST
- Transcribing agency: NUST
100 ## - HEADING--PERSONAL NAME
- Personal name: MICHEALS, I. V,KRASSNER, G. N
670 ## - SOURCE DATA FOUND
- Source citation: Work cat.: (NUST): MICHEALS, I. V,KRASSNER, G. N, INTRODUCTION TO SPACE COMMUNICATION SYSTEMS, 1964
